Music Quiz

Random Music or Song Quiz

Catty Cure Songs Quiz Stats

Quiz not verified by Sporcle

Challenge
Share
Tweet
Embed
Score 0/6 Timer 02:00
0 Plays Today
% Correct
The Lovecats
96.5%
All Cats Are Grey
91.2%
Let's Go To Bed
80.7%
High
80.7%
The Dream
61.4%
Give Me It
61.4%

You're not logged in!

Compare scores with friends on all Sporcle quizzes.
Join for Free
OR
Log In

You Might Also Like...

Show Comments

Extras

Created Jun 7, 2016ReportNominate
Tags:Song Quiz, cat, cure, Cure Songs, The Cure

Top Quizzes Today


Score Distribution

Your Account Isn't Verified!

In order to create a playlist on Sporcle, you need to verify the email address you used during registration. Go to your Sporcle Settings to finish the process.

Report this User

Report this user for behavior that violates our Community Guidelines.

Details: